LEADER 01102nam a2200253 i 4500 001 000000196966 003 CaOOAMICUS 005 20240327142721.0 008 110204s2007 it u000 u ita u 013 $a175651 020 $a978-88-21177-80-4 040 $aSeMil$bita 100 1 $aSaltamacchia, Martina <1981- >.$0(OLS)http://semarc/name/71345 245 10$aMilano :$bun popolo e il suo Duomo : storie di uomini che costruirono la cattedrale /$cMartina Saltamacchia. 260 $aGenova-Milano :$bMarietti 1820,$c2007. 300 $a167 p. :$bill. ;$c31 cm. 650 4$aMilano - Duomo.$0(OLS)http://semarc/subject/2739 850 $aSeMil 852 $aSeMil$W1$xVenegono$y1$m3O VI 74$j147529$B147529$CSeMilBibl$Z2$F166242 $81 961 $aOmaggio: Cavalli mons. Attilio 996 $6020$a978-88-21177-80-4$9(OLS)http://semarc/number/188991 996 $6245$aMilano :$bun popolo e il suo Duomo : storie di uomini che costruirono la cattedrale$9(OLS)http://semarc/title/284365 996 $6260$aGenova-Milano :$bMarietti 1820$9(OLS)http://semarc/publisher/31303 LEADER 00938nam a2200169 i 4500 001 000000215119 003 CaOOAMICUS 005 20120813000000.0 008 120813s1859 it u000 u lat u 013 $a193991 040 $aSeMil$bita 245 10$aCommentaria in secundam secundae D. Thomae, scilicet, operis de religione tractatum septimum de obligationibus. 300 $aXVI, 978 p. 773 0 $aSuarez, Francisco, $tFrancisci Suarez e Societate Jesu Opera omnia.$bEditio nova a D. M. André, ... [poi] a Carolo Berton iuxta editionem venetianam 23 tomos in F. continentem, accurate recognita.$dParisiis : apud Ludovicum Vivès, 1856-1878.$g15$w()27223 850 $aSeMil 852 $aSeMil$W1$xVenegono$y1$m1ZF IV 31 FA$j165540$B165540$CSeMilBibl$Z2$F176517 $8I 996 $6245$aCommentaria in secundam secundae D. Thomae, scilicet, operis de religione tractatum septimum de obligationibus$9(OLS)http://semarc/title/309829